000 00558cam a2200181 4500500
005 20260329005804.0
041 _afre
042 _adc
100 1 0 _aPastorini, Chiara
_eauthor
245 0 0 _a“Pourquoi on tombe amoureux ?”
260 _c2025.
500 _a35
690 _aAmour
690 _aEnfant
690 _aPhilosopher avec les enfants
786 0 _nPhilosophie magazine | 186 | 1-2 | 2025-02-01 | p. 63-63 | 1951-1787
856 4 1 _uhttps://shs.cairn.info/magazine-philosophie-magazine-2025-2-page-63?lang=fr&redirect-ssocas=7080
999 _c1846636
_d1846636